Regions Of Tanzania With A Map - Statistics

General Stats
  • This quiz has been taken 3,149 times
  • The average score is 14 of 31
Answers on the Map
Answers color-coded by a green-red scale on the quiz's map according to % correct below.
 
Answer Stats
Region % Correct
Dodoma
87%
Dar Es Salaam
86%
Mjini Magharibi
75%
Arusha
65%
Kilimanjaro
63%
Tanga
59%
Mwanza
58%
Pemba North
48%
Pemba South
48%
Morogoro
46%
Mara
45%
Mtwara
45%
Mbeya
44%
Lindi
43%
Kigoma
42%
Iringa
40%
Tabora
40%
Kagera
39%
Pwani
39%
Ruvuma
38%
Singida
37%
Rukwa
36%
Geita
35%
Manyara
34%
Shinyanga
34%
Njombe
33%
Songwe
33%
Unguja North
33%
Unguja South
33%
Katavi
32%
Simiyu
27%
No matching quizzes found
Score Distribution
Percent of People with Each Score
Percentile by Number Answered
Your Score History
You have not taken this quiz